Management: A Global and Entrepreneurial Prespective (Record no. 5480)

MARC details
000 -LEADER
fixed length control field 00369nam a2200157Ia 4500
003 - CONTROL NUMBER IDENTIFIER
control field OSt
008 - FIXED-LENGTH DATA ELEMENTS--GENERAL INFORMATION
fixed length control field 191201s2011 xx 000 0 und d
082 ## - DEWEY DECIMAL CLASSIFICATION NUMBER
Classification number 658
Item number WEM
100 ## - MAIN ENTRY--PERSONAL NAME
Personal name WEIHRICH, Heinz
245 #0 - TITLE STATEMENT
Title Management: A Global and Entrepreneurial Prespective
250 ## - EDITION STATEMENT
Edition statement Rep
260 ## - PUBLICATION, DISTRIBUTION, ETC. (IMPRINT)
Place of publication, distribution, etc New Delhi
Name of publisher, distributor, etc TMH
Date of publication, distribution, etc 2011
300 ## - PHYSICAL DESCRIPTION
Extent 537
650 ## - SUBJECT ADDED ENTRY--TOPICAL TERM
Topical term or geographic name as entry element MBA
942 ## - ADDED ENTRY ELEMENTS (KOHA)
Source of classification or shelving scheme Dewey Decimal Classification
Koha item type Text Books
Holdings
Withdrawn status Lost status Source of classification or shelving scheme Damaged status Not for loan Collection code Home library Current library Date acquired Source of acquisition Cost, normal purchase price Bill Number Total Checkouts Full call number Acc. no. / Barcode Date last seen Bill Date Koha item type Checked out Date last borrowed Public note
    Dewey Decimal Classification     MBA PIET C-LIBRARY PIET C-LIBRARY 25/08/2012 IBH, New Delhi 537.00 9099   658 WEM 20820 04/12/2019 24/08/2012 Text Books      
    Dewey Decimal Classification     MBA PIET C-LIBRARY PIET C-LIBRARY 25/08/2012 IBH, New Delhi 537.00 9099 1   20821 29/01/2025 24/08/2012 Text Books 18/08/2025 29/01/2025  
    Dewey Decimal Classification     MBA PIET C-LIBRARY PIET C-LIBRARY 25/08/2012 IBH, New Delhi 537.00 9099   658 WEM 20822 04/12/2019 24/08/2012 Text Books      
    Dewey Decimal Classification     MBA PIET C-LIBRARY PIET C-LIBRARY 25/08/2012 IBH, New Delhi 537.00 9099   658 WEM 20823 04/12/2019 24/08/2012 Text Books      
    Dewey Decimal Classification     MBA PIET C-LIBRARY PIET C-LIBRARY 25/08/2012 IBH, New Delhi 537.00 9099   658 WEM 20824 04/12/2019 24/08/2012 Text Books      
    Dewey Decimal Classification     MBA PIET C-LIBRARY PIET C-LIBRARY 25/08/2012 IBH, New Delhi 537.00 9099   658 WEM 20825 04/12/2019 24/08/2012 Text Books      
    Dewey Decimal Classification     MBA PIET C-LIBRARY PIET C-LIBRARY 25/08/2012 IBH, New Delhi 537.00 9099 1 658 WEM 20826 22/01/2022 24/08/2012 Text Books 21/07/2022 22/01/2022 .

Design & Developed by: PIET Central Library
R70 Miles Stone Pattikalyana Samalkha Panipat 132102
mail ID :- [email protected], Phone No:- 0180-2569700 Ex.216